My first Britannica

保存先:
書誌詳細
フォーマット: 図書
言語:Undetermined
出版事項: Chicago Britannica Encyclopedia 2004
主題:
タグ: タグ追加
タグなし, このレコードへの初めてのタグを付けませんか!
Thư viện lưu trữ: Trung tâm Học liệu Trường Đại học Cần Thơ
LEADER 00554nam a2200169Ia 4500
001 CTU_128881
008 210402s9999 xx 000 0 und d
020 |c 200000 
082 |a 032 
082 |b F527/Vol.6 
245 0 |a My first Britannica 
260 |a Chicago 
260 |b Britannica Encyclopedia 
260 |c 2004 
650 |a Children’s encyclopedias and dictionaries.,Children’s atlases,Bách khoa toàn thư thiếu nhi,Tập bản đồ thiếu nhi 
904 |i Minh 
980 |a Trung tâm Học liệu Trường Đại học Cần Thơ